Statistics for Disney Princess Movies

Click here to take the quiz!

General Stats

  • This quiz has been taken 292 times
  • The average score is 9 of 13

Answer Stats

HintAnswer% Correct
Someday, My prince will comeSnow White
90%
Be Our GuestBeauty and The Beast
88%
Let It GoFrozen
88%
Under The SeaThe Little Mermaid
86%
Sing, Sweet NightingaleCinderella
85%
A Whole New WorldAladdin
84%
Once, Upon A DreamSleeping Beauty
84%
ReflectionMulan
82%
Mother Knows BestTangled
75%
Song Of Mor'duBrave
51%
Dig A Little DeeperPrincess And The Frog
48%
A True Love's KissEnchanted
26%
Colours Of The WindPocohantas
11%

Score Distribution

Percentile by Number Answered

Percent of People with Each Score

Your Score History

You have not taken this quiz